| 000 | 00473cam a2200169ua 4500 | ||
|---|---|---|---|
| 003 | OSt | ||
| 008 | 250104b |||||||| |||| 00| 0 eng d | ||
| 020 | _a0-07-Y85621-4 | ||
| 041 | _aeng | ||
| 082 |
_a621.381 _bRYD/EN |
||
| 100 |
_aRyden, John D . _96777 |
||
| 245 | _aEngineering electronics: With industrial applications and control / | ||
| 250 | _a2 / | ||
| 260 |
_aSingapore : _bMcGraw-Hill International Book Company , _c1986. |
||
| 300 | _a690 ; . | ||
| 942 | _cBK | ||
| 999 |
_c10753 _d10753 |
||